| 000 -LEADER |
| fixed length control field |
01170nam a22003377a 4500 |
| 001 - CONTROL NUMBER |
| control field |
4432787 |
| 003 - CONTROL NUMBER IDENTIFIER |
| control field |
OSt |
| 005 - DATE AND TIME OF LATEST TRANSACTION |
| control field |
20210414104452.0 |
| 008 - FIXED-LENGTH DATA ELEMENTS--GENERAL INFORMATION |
| fixed length control field |
940420s1994 caua f 000 0 eng |
| 010 ## - LIBRARY OF CONGRESS CONTROL NUMBER |
| LC control number |
94018053 |
| 020 ## - INTERNATIONAL STANDARD BOOK NUMBER |
| International Standard Book Number |
0898156270 |
| 040 ## - CATALOGING SOURCE |
| Original cataloging agency |
DLC |
| Transcribing agency |
DLC |
| Modifying agency |
DLC |
| Language of cataloging |
eng |
| 041 ## - LANGUAGE CODE |
| Language code of text/sound track or separate title |
eng |
| 050 00 - LIBRARY OF CONGRESS CALL NUMBER |
| Classification number |
RC1220.M6 |
| Item number |
M48 1994 |
| 080 ## - UNIVERSAL DECIMAL CLASSIFICATION NUMBER |
| Universal Decimal Classification number |
577.4 |
| Item number |
M-64 |
| 082 00 - DEWEY DECIMAL CLASSIFICATION NUMBER |
| Classification number |
613/.4 |
| Edition number |
20 |
| 100 1# - MAIN ENTRY--PERSONAL NAME |
| Personal name |
Meyer, Kathleen, |
| Dates associated with a name |
1942- |
| 245 10 - TITLE STATEMENT |
| Title |
How to shit in the woods : |
| Remainder of title |
an environmentally sound approach to a lost art / |
| Statement of responsibility, etc. |
/ by: Ten Speed Press |
| 250 ## - EDITION STATEMENT |
| Edition statement |
2nd edition revised |
| 260 ## - PUBLICATION, DISTRIBUTION, ETC. |
| Place of publication, distribution, etc. |
Berkeley, Calif. : |
| Name of publisher, distributor, etc. |
Ten Speed Press |
| Date of publication, distribution, etc. |
1994. |
| 300 ## - PHYSICAL DESCRIPTION |
| Extent |
xviii, 107 p. : |
| Other physical details |
ill. ; |
| Dimensions |
22 cm. |
| 365 ## - TRADE PRICE |
| Price amount |
6.95 usd |
| 650 #0 - SUBJECT ADDED ENTRY--TOPICAL TERM |
| Topical term or geographic name entry element |
Mountaineering |
| General subdivision |
Health aspects |
| -- |
Handbooks, manuals, etc. |
| 650 #0 - SUBJECT ADDED ENTRY--TOPICAL TERM |
| Topical term or geographic name entry element |
Ecology |
| 9 (RLIN) |
690 |
| 650 #0 - SUBJECT ADDED ENTRY--TOPICAL TERM |
| Topical term or geographic name entry element |
Defecation |
| General subdivision |
Handbooks, manuals, etc. |
| 653 ## - INDEX TERM--UNCONTROLLED |
| Uncontrolled term |
ეკოლოგია |
| 856 42 - ELECTRONIC LOCATION AND ACCESS |
| Materials specified |
Publisher description |
| Uniform Resource Identifier |
<a href="http://www.loc.gov/catdir/enhancements/fy0909/94018053-d.html">http://www.loc.gov/catdir/enhancements/fy0909/94018053-d.html</a> |
| 906 ## - LOCAL DATA ELEMENT F, LDF (RLIN) |
| a |
7 |
| b |
cbc |
| c |
orignew |
| d |
1 |
| e |
ocip |
| f |
19 |
| g |
y-gencatlg |
| 942 ## - ADDED ENTRY ELEMENTS (KOHA) |
| Source of classification or shelving scheme |
|
| Koha item type |
Books |
| Edition |
2 |